000 00711nam a2200241Ia 4500
005 20250508162629.0
008 008 250505s9999 xx 000 0 eng d
020 _a0-19-503977-7
037 _aBooks to be hide in OPAC
040 _aFEDL
_beng
_cFEDL
041 _aeng
_2eng
084 _a001.4, SOM
_qFEDL
100 _aSommer Robert
_990157
245 0 _aPractical guide to behavioral research: Tools and techniques
250 _a2
260 _aNew York, USA
_bOxford University Press
_c1986
300 _aviii,297p.
365 _aUSD
_b24.95
650 _aBehavioral Research
_9773635
700 _a Sommer Barbara B
_9773636
942 _cHB
_h001.4, SOM
999 _c1377728
_d1377728